Top 20 countries by GDP, PPP - Statistics

General Stats
  • This quiz has been taken 70 times
  • The average score is 19 of 20
Answer Stats
Top Answer % Correct
1 China
100%
2 United States
100%
5 Germany
98%
17 Canada
97%
3 India
97%
11 Italy
97%
4 Japan
97%
12 Mexico
97%
9 United Kingdom
97%
8 Brazil
95%
10 France
95%
7 Indonesia
95%
6 Russia
95%
15 Spain
95%
20 Australia
91%
14 South Korea
89%
16 Saudi Arabia
88%
13 Turkey
85%
18 Iran
83%
19 Thailand
77%
No matching quizzes found
Score Distribution
Percent of People with Each Score
Percentile by Number Answered
Your Score History
You have not taken this quiz